000 00467nam a2200145Ia 4500
008 231129s1998||||xx |||||||||||||| ||spa||
020 _a968-13-3082-X
040 _bspa
082 _a371.914 S484l
100 _aSerfontein Gordon
245 0 _aLa limitación oculta : Cómo ayudar a los niños que sufren dislexia hiperactividad y problemas de aprendizaje
260 _c1998
264 _aMéxico : Diana
942 _2ddc
_cBKS
999 _c17489
_d17489